000 00607nam a22002297a 4500
003 UA-OsUOA
001 87545
007 ta
008 20120919b un ||||| |||| 00| 0 ukr d
100 _aЗулалян М. К.
090 _a947(479.25)
_bЗ-93
942 _cBK
040 _aUA-OsUOA
_brus
_cUA-OsUOA
_dUA-OsUOA
245 _aАрмения в первой половине XVI в
300 _a124 с.
955 _a0
041 _arus
080 _a947(479.25)
260 _aМ.
_bНаука
_c1971
650 7 _a9 Географія. Біографії. Історія
_2UDC
999 _c373962
_d373962